Normal view
MARC view
Entry Topical Term
001 - CONTROL NUMBER
- control field: 47745
003 - CONTROL NUMBER IDENTIFIER
- control field: OSt
005 - DATE AND TIME OF LATEST TRANSACTION
- control field: 20160320134335.0
008 - FIXED-LENGTH DATA ELEMENTS
- fixed length control field: 160320|| aca||aabn | a|a d
040 ## - CATALOGING SOURCE
- Original cataloging agency: OSt
- Transcribing agency: OSt
150 ## - HEADING--TOPICAL TERM
- Topical term or geographic name entry element: Philisophy
670 ## - SOURCE DATA FOUND
- Source citation: Work cat.: (OSt)19975: गुप्त नत्थूलाल 47744, सन्त-संस्कृति और धर्मनिरपेक्षता , 1992









